Library Banner

Information technology for management : (Record no. 139935)

MARC details
000 -LEADER
fixed length control field 00644nam a22001817a 4500
005 - DATE AND TIME OF LATEST TRANSACTION
control field 20260227101759.0
008 - FIXED-LENGTH DATA ELEMENTS--GENERAL INFORMATION
fixed length control field 260227b |||||||| |||| 00| 0 eng d
020 ## - INTERNATIONAL STANDARD BOOK NUMBER
International Standard Book Number 9781394243549 (pbk)
040 ## - CATALOGING SOURCE
Transcribing agency PK-LaUMT
082 ## - DEWEY DECIMAL CLASSIFICATION NUMBER
Classification number 658.4038011
Item number TUR-I
100 ## - MAIN ENTRY--PERSONAL NAME
Personal name Turban, Efraim
245 ## - TITLE STATEMENT
Title Information technology for management :
Remainder of title navigating the digital divide to enhance local and global performance, growth, and sustainability /
Statement of responsibility, etc by Efraim Turban, Carol Pollard and Gregory Wood
250 ## - EDITION STATEMENT
Edition statement 13th ed.
260 ## - PUBLICATION, DISTRIBUTION, ETC. (IMPRINT)
Place of publication, distribution, etc Hoboken :
Name of publisher, distributor, etc John Wiley,
Date of publication, distribution, etc 2025
300 ## - PHYSICAL DESCRIPTION
Extent 688 p.
650 ## - SUBJECT ADDED ENTRY--TOPICAL TERM
Topical term or geographic name as entry element Management information systems
942 ## - ADDED ENTRY ELEMENTS (KOHA)
Koha item type Books
Holdings
Withdrawn status Lost status Damaged status Home library Current library Date acquired Full call number Barcode Date last seen Price effective from Koha item type
      UMT Main Campus UMT Main Campus 2026-02-27 658.4038011 TUR-I 151753 2026-02-27 2026-02-27 Books